000 00419nam a22001577a 4500
008 150102b xxu||||| |||| 00| 0 eng d
082 _aCD10347
100 _aRai, Lajjawati
245 _aEnglish and Yakkha kinship terms.
260 _aKathmandu:
_c2012
502 _aDissertation
_bDegree in Education
_cTU
650 _aEnglish language
650 _aKinship terms
650 _aYakkha language
942 _2ddc
_cVM
999 _c74416
_d74405